[Event "Bad Soden U14 op"]
[Site "Bad Soden"]
[Date "2019.10.06"]
[Round "8"]
[White "Miranda Martin, Pablo Mateo"]
[Black "Melchior, Christopher"]
[Result "1-0"]
[WhiteElo "1606"]
[BlackElo "1229"]
[PlyCount "120"]
[EventDate "2019.10.03"]
[EventType "swiss"]
[EventRounds "9"]
[EventCountry "GER"]
[SourceTitle "CBM 192 Extra"]
[Source "Chessbase"]
[SourceDate "2019.11.06"]
[SourceVersion "1"]
[SourceVersionDate "2019.11.06"]
[SourceQuality "1"]

1. d4 d5 2. c4 c6 3. Nc3 Nf6 4. Nf3 Bg4 5. h3 Bh5 6. Bf4 e6 7. e3 Bb4 8. Be2 dxc4 9. Bxc4 b5 10. Be2 Nd5 11. 0-0 Nxc3 12. bxc3 Bxc3 13. Rc1 Bb4 14. Ne5 Bxe2 15. Qxe2 Bd6 16. Nxc6 Nxc6 17. Qxb5 Bxf4 18. Qxc6+ Ke7 19. exf4 Qxd4 20. Rfd1 Qxf4 21. Qc7+ Qxc7 22. Rxc7+ Kf6 23. Rdd7 Rhf8 24. a4 a5 25. Kh2 Rac8 26. Ra7 Ra8 27. Kg3 h6 28. Kf3 g5 29. g4 Kg6 30. Ke3 Rfc8 31. Rxf7 Rc3+ 32. Kd4 Rxa7 33. Rxa7 Rxh3 34. Ke4 Rh4 35. Kf3 Rh3+ 36. Kg2 Rh4 37. f3 h5 38. gxh5+ Rxh5 39. Rxa5 Rh4 40. Kg3 Rf4 41. Ra8 Rb4 42. Ra7 Rb3 43. a5 Ra3 44. a6 e5 45. Kf2 Ra2+ 46. Ke3 Ra3+ 47. Ke4 Kf6 48. Ra8 Kf7 49. a7 Ra4+ 50. Kxe5 Ra5+ 51. Kd6 Ra3 52. Kc5 Ke7 53. Kd4 Kd7 54. Rg8 Ra4+ 55. Ke3 Ra3+ 56. Kf2 Ra2+ 57. Kg3 Ke6 58. a8Q Rxa8 59. Rxa8 Kf5 60. Ra5+ Kf6 1-0

[Event "Wiesbaden op 30th"]
[Site "Wiesbaden"]
[Date "2018.08.25"]
[Round "5"]
[White "Baumgarten, Fred"]
[Black "Miranda Martin, Pablo Mateo"]
[Result "0-1"]
[WhiteElo "1721"]
[BlackElo "1494"]
[PlyCount "100"]
[EventDate "2018.08.23"]
[EventType "swiss"]
[EventRounds "7"]
[EventCountry "GER"]
[SourceTitle "CBM 186 Extra"]
[Source "ChessBase"]
[SourceDate "2018.08.24"]
[SourceVersion "1"]
[SourceVersionDate "2018.08.24"]
[SourceQuality "1"]

1. d4 Nf6 2. c4 c5 3. d5 b5 4. cxb5 a6 5. b6 Qxb6 6. Qb3 Qc7 7. Nc3 d6 8. Bg5 Bf5 9. Bxf6 gxf6 10. e4 Bg6 11. Qa4+ Qd7 12. Bb5 axb5 13. Qxa8 Qc7 14. Nxb5 Qb6 15. Qa4 Nd7 16. f3 Bg7 17. Ne2 0-0 18. 0-0 Ne5 19. h3 f5 20. Nf4 fxe4 21. Nxg6 hxg6 22. Rab1 exf3 23. gxf3 Rb8 24. Nc3 c4+ 25. Kg2 Qe3 26. Qc2 Qg5+ 27. Kh1 Nd3 28. Qg2 Qe3 29. Nd1 Qd4 30. Nc3 Qe3 31. Qe2 Qh6 32. Qg2 Be5 33. Ne2 Rb5 34. Ng1 Bd4 35. Qg4 Bxg1 36. Kxg1 Rxd5 37. f4 Kg7 38. Kg2 Rf5 39. Kg3 e6 40. b4 Rh5 41. Rh1 Rb5 42. a3 Rf5 43. Rbf1 Nxf4 44. Rxf4 Rg5 45. Rxc4 Rxg4+ 46. Kxg4 Qh5+ 47. Kg3 Qe5+ 48. Kf2 Qb2+ 49. Kf1 Qa1+ 50. Kg2 Qa2+ 0-1

[Event "Wiesbaden op 30th"]
[Site "Wiesbaden"]
[Date "2018.08.23"]
[Round "1"]
[White "Wolff, Michael"]
[Black "Miranda Martin, Pablo Mateo"]
[Result "1-0"]
[WhiteElo "1962"]
[BlackElo "1494"]
[PlyCount "83"]
[EventDate "2018.08.23"]
[EventType "swiss"]
[EventRounds "7"]
[EventCountry "GER"]
[SourceTitle "CBM 186 Extra"]
[Source "ChessBase"]
[SourceDate "2018.08.24"]
[SourceVersion "1"]
[SourceVersionDate "2018.08.24"]
[SourceQuality "1"]

1. e4 c6 2. d4 d5 3. exd5 cxd5 4. c4 e6 5. Nf3 Nf6 6. Nc3 Be7 7. Be3 0-0 8. c5 b6 9. b4 Ba6 10. b5 Bc8 11. c6 Bb4 12. Qb3 Bxc3+ 13. Qxc3 Ne4 14. Qc1 Qe7 15. Rb1 Nd6 16. Bd3 a6 17. a4 f6 18. 0-0 e5 19. Ne1 e4 20. Be2 Rf7 21. Nc2 Nf5 22. Bd2 h6 23. Re1 g5 24. Ne3 Nxe3 25. fxe3 Be6 26. a5 Qc7 27. axb6 Qxb6 28. bxa6 Qxc6 29. Rxb8+ Qc8 30. Rxc8+ Bxc8 31. Qc6 Kg7 32. Qxa8 Be6 33. Qb7 Rd7 34. Bb5 Rxb7 35. axb7 Bf7 36. b8Q Kg6 37. Qd6 g4 38. Rf1 Kh5 39. Rxf6 Bg6 40. Rxg6 g3 41. Rxh6+ Kg4 42. Qg6# 1-0

[Event "Baden Wuerttemberg-chT U12"]
[Site "Burg Ortenberg"]
[Date "2018.06.23"]
[Round "3.1"]
[White "Miranda Martin, Pablo Mateo"]
[Black "Haenselmann, Hendrik"]
[Result "0-1"]
[WhiteElo "1518"]
[BlackElo "1676"]
[PlyCount "94"]
[EventDate "2018.06.23"]
[EventType "team-tourn"]
[EventRounds "5"]
[EventCountry "GER"]
[SourceTitle "EXT 2019"]
[Source "ChessBase"]
[SourceDate "2018.10.10"]
[SourceVersion "1"]
[SourceVersionDate "2018.10.10"]
[SourceQuality "1"]
[WhiteTeam "Walldorf U12"]
[BlackTeam "Karlsruhe U12"]
[WhiteTeamCountry "GER"]
[BlackTeamCountry "GER"]

1. d4 Nf6 2. Nf3 e6 3. e3 b6 4. c4 Bb7 5. Nc3 Bb4 6. Qb3 Bxc3+ 7. bxc3 0-0 8. Be2 d6 9. Ba3 Nbd7 10. c5 dxc5 11. dxc5 Re8 12. Rd1 Rb8 13. cxb6 cxb6 14. Qa4 Qc7 15. 0-0 Bc6 16. Qc4 Rbc8 17. Bd6 Qb7 18. Qa6 Bxf3 19. gxf3 Qxa6 20. Bxa6 Rxc3 21. Bb5 Rc2 22. e4 e5 23. f4 Rb2 24. Rb1 Rxb1 25. Rxb1 Nxe4 26. Bxd7 Rd8 27. Bf5 Nxd6 28. Rd1 exf4 29. Be4 f5 30. Bxf5 Nf7 31. Rxd8+ Nxd8 32. Kg2 Kf7 33. Kf3 g5 34. h4 h6 35. hxg5 hxg5 36. Kg4 Kf6 37. Bb1 Nc6 38. Kf3 b5 39. Ke4 Ke6 40. f3 Ne5 41. Bc2 b4 42. Bb3+ Kf6 43. Bd5 a5 44. Bb3 Nd7 45. Kd5 a4 46. Bd1 b3 47. axb3 a3 0-1

[Event "GER-chT U10"]
[Site "Magdeburg"]
[Date "2016.12.27"]
[Round "1.1"]
[White "Miranda Martin, Pablo Mateo"]
[Black "Kluehs, Gustaf"]
[Result "0-1"]
[WhiteElo "1001"]
[BlackElo "1508"]
[PlyCount "94"]
[EventDate "2016.12.27"]
[EventType "team-swiss"]
[EventRounds "7"]
[EventCountry "GER"]
[SourceTitle "EXT 2018"]
[Source "ChessBase"]
[SourceDate "2017.10.13"]
[SourceVersion "1"]
[SourceVersionDate "2017.10.13"]
[SourceQuality "1"]
[WhiteTeam "Walldorf"]
[BlackTeam "Friedrichsfelde Borussia"]
[WhiteTeamCountry "GER"]
[BlackTeamCountry "GER"]

1. e4 c5 2. Nf3 Nc6 3. d4 cxd4 4. Nxd4 Nf6 5. Nc3 e5 6. Ndb5 d6 7. Bg5 a6 8. Na3 b5 9. Naxb5 axb5 10. Bxb5 Bd7 11. 0-0 h6 12. Bh4 g5 13. Bg3 Nd4 14. Bc4 Be7 15. Re1 0-0 16. Nd5 Nxd5 17. Bxd5 Bc6 18. Bc4 Rb8 19. c3 Nb5 20. h3 Nc7 21. Bb3 Bd7 22. Qh5 Kg7 23. Qe2 Be6 24. Bxe6 Nxe6 25. b3 Bf6 26. Rac1 Qa5 27. Qb2 Ra8 28. a4 Rfb8 29. Re2 Ra7 30. Qc2 Qa6 31. Rb1 Rc7 32. Rd2 Rbc8 33. c4 Nd4 34. Qd3 Rb7 35. Rdb2 Rcb8 36. Qc3 Rxb3 37. Qd2 Qxa4 38. f4 Rxb2 39. Rxb2 Qa1+ 40. Kh2 Rxb2 41. Qc3 Qa2 42. Kh1 Rxg2 43. fxe5 Bxe5 44. Bxe5+ dxe5 45. Qb2 Qxb2 46. h4 Rh2+ 47. Kg1 Qf2# 0-1